000 00960 a2200229 4500
001 45541
005 20260407155728.0
008 260407a1987 arg spa d
003 AR-UNSa-BCEJYS
040 _aAR-UNSa-BCEJYS
_bspa
_cAR-UNSa-BCEJYS
080 _a658.011.56
_xAutomatización
245 1 0 _aSistemas de información gerencial
020 _a968-422-177-0
264 1 _aBogotá :
_bMcGraw-Hill
_c1987
300 _a718 p.
_c23 cm.
505 _a1. Introducción a los sistemas de información gerencial – 2. Estudio de la tecnología de los sistemas de información – 3. Fundamentos conceptuales - 4. Sistemas de soporte basados en información – 5. Requerimientos del sistema de información – 6. Desarrollo, implementación y administración de los recursos de un sistema de información.
041 _aspa
942 _cBK
590 _aniveau_biblio:m niveau_hierar:0
100 1 _aDavis, Gordon B.
700 1 _aOlson, Margrethe H.
999 _c3957
_d3957